000 00317nam a22001457a 4500
008 210521b ||||| |||| 00| 0 eng d
020 _a9781935584612
041 _aeng
080 _a61
082 _a61
100 _a4
101 _aSHM
245 _aThe Johns Hopkins White Papers
_cHopkins,J
942 _2udc
_cBK
999 _c57581
_d57581